Storm water pollution control:municipal, industrial and construction NPDES compliance

Guardat en:
Dades bibliogràfiques
Autor principal: Roy D Dodson
Format: Llibre
Idioma:Undetermined
Publicat: America 1998
Matèries:
Etiquetes: Afegir etiqueta
Sense etiquetes, Sigues el primer a etiquetar aquest registre!
Thư viện lưu trữ: Trung tâm Học liệu Trường Đại học Cần Thơ
LEADER 00550nam a2200169Ia 4500
001 CTU_38906
008 210402s9999 xx 000 0 und d
082 |a 363.739 
082 |b D647 
100 |a Roy D Dodson 
245 0 |a Storm water pollution control:municipal, industrial and construction NPDES compliance 
245 0 |c Roy D Dodson 
260 |a America 
260 |c 1998 
650 |a environment permits - united states,water - pollution - united states 
904 |i Thanh, 990917 
980 |a Trung tâm Học liệu Trường Đại học Cần Thơ